00484cam a2200145 a 4500020003200000082001200032100001900044245003000063250001200093260006700105300002100172650002300193856005700216856006500273 a075067749X (acidfree paper)00a661 SAN1 aSanders, R. E.10aChemical process safety : a3rd ed. aAmsterdam ;aBoston :bElsevier Butterworth Heinemann,cc2005. a327 p. :bill. ; 0aChemical processes41uhttp://www.loc.gov/catdir/toc/els051/2004559874.html42uhttp://www.loc.gov/catdir/description/els051/2004559874.html